| 000 | 00343cam a22001097a 4500 | ||
|---|---|---|---|
| 008 | 180718b1970 xxu||||| |||| 00| 0 eng d | ||
| 082 | _aO14037x5442 M278 | ||
| 245 |
_aManual of primary health centre _cby Directorate of Public Health |
||
| 260 |
_aNagpur _bGovernment Press _c1970 |
||
| 300 | _a220p. | ||
| 700 | _aIndia.Directorate of Public Health | ||
| 999 |
_c494076 _d494076 |
||